Normal view
MARC view
Entry Topical Term
001 - CONTROL NUMBER
- control field: 52162
003 - CONTROL NUMBER IDENTIFIER
- control field: ARRUPE
005 - DATE AND TIME OF LATEST TRANSACTION
- control field: 20221130134838.0
008 - FIXED-LENGTH DATA ELEMENTS
- fixed length control field: 221130|| aca||aabn | a|a d
040 ## - CATALOGING SOURCE
- Original cataloging agency: ARRUPE
- Transcribing agency: ARRUPE
150 ## - HEADING--TOPICAL TERM
- Topical term or geographic name as entry element: Information resources management
670 ## - SOURCE DATA FOUND
- Source citation: Work cat.: (ARRUPE)131619: Davenport, Thomas H., 1954- 52161, Working knowledge :, c1998.